Etude technique sur le Triticale

Saved in:
Bibliographic Details
Format: Book
Language:French
Published: Geneve Nations Unies 1983
Tags: Add Tag
No Tags, Be the first to tag this record!

MARC

LEADER 00000nam a2200000 4500
001 c109044
005 20221207065043.4
041 0 |a fre 
044 |a CH 
245 1 0 |a Etude technique sur le Triticale 
264 1 |a Geneve  |b Nations Unies  |c 1983 
300 |a 12 s.